Tax harmonization versus tax competition in the European Union

Vplyv globalizácie na daňové systémy. Harmonizácia daní v rámci Európskej únie. Harmonizácia daní verzus daňová konkurencia. Diskusie okolo problému harmonizácie daňových systémov.

Na minha lista:
Detalhes bibliográficos
Autor principal: Ďurinová, Ivona, 1964-
Formato: Capítulo de Livro
Idioma:inglês
Assuntos:
Tags: Adicionar Tag
Sem tags, seja o primeiro a adicionar uma tag!

MARC

LEADER 00000nla$a2200000$$$4500
001 0143428
005 20240502083331.6
041 0 |a eng 
044 |a HU 
245 1 0 |a Tax harmonization versus tax competition in the European Union  |c Ivona Ďurinová 
520 |a Vplyv globalizácie na daňové systémy. Harmonizácia daní v rámci Európskej únie. Harmonizácia daní verzus daňová konkurencia. Diskusie okolo problému harmonizácie daňových systémov. 
610 2 0 |a dane 
610 2 0 |a systémy daňové 
610 2 0 |a harmonizácia 
610 2 0 |a globalizácia 
610 2 0 |a konkurencia 
610 2 0 |a Európska únia 
100 1 |a Ďurinová, Ivona, 1964-